000 00368 a2200157 4500
001 47017
020 _a9788578480851
040 _cAnchieta - Aquarius
100 _aPrap, Lila
240 1 0 _aVocĂȘ sabe tudo sobre cachorros
_lpor
245 1 0 _aVocĂȘ sabe tudo sobre cachorros
300 _a
362 0 _a2013
650 4 _aLiteratura infanto-juvenil
942 _cBK
999 _c47017
_d47017